Box office 2011 par images restreintes - Statistiques

Statistiques générales
  • Ce quiz a été pris 490 fois
  • Le résultat moyen est 9 sur 12
Statistiques - réponses
Par images Réponse % Correct
Cars 2
99%
Les Aventures de Tintin : Le Secret de La Licorne
98%
Pirates des Caraïbes 4 : La Fontaine de Jouvence
98%
Harry Potter et les Reliques de la Mort - 2ème Partie
97%
Le Chat potté
97%
Intouchables
96%
La Planète des singes : Les Origines
86%
Les Schtroumpfs
80%
The Artist
66%
Rien à déclarer
45%
Twilight : Révélation - 1re partie
30%
Le Discours d'un roi
24%
Aucun quiz correspondant
Distribution des résultats
% des personnes avec chaque résultat
Percentile par nombre de réponses
Votre historique - résultats
Vous n’avez pas pris ce quiz